ŞİPŞAK HİKAYELER 2 ANLATSAM İNANIR MISIN? (Kayıt no. 646964)

MARC ayrıntıları
000 -LEADER
sabit uzunluktaki kontrol alanı 00260nam a2200097Ia 4500
001 - KONTROL NUMARASI
kontrol alanı 646964
005 - EN SON İŞLEMİN TARİH VE ZAMANI
kontrol alanı 20250826153653.0
008 - SABİT-UZUNLUKTA VERİ ÖĞELERİ--GENEL BİLGİ
sabit uzunluktaki kontrol alanı 250824s9999 xx 000 0 und d
245 #0 - ESER / YAZAR
ESER ADI ŞİPŞAK HİKAYELER 2 ANLATSAM İNANIR MISIN?
Yazar Adı BERNARD FRIOT
260 ## - YAYIN, DAĞITIM, VB.
YAYIN EVİ TUDEM
Mevcut
Düşüm durumu Kayıp durumu Hasar Durumu Ödünç verilmez Ana kütüphane Geçerli Kütüphane Edinilen tarih Toplam ödünç verme sayısı Barkod Son görüntüleme tarihi Son ödünç verme tarihi Fiyatın geçerli olmaya başladığı tarih Koha materyal türü
        MUSTAFA BÜYÜKKAPLAN İMAM HATİP ORTAOKULU (ERKEK) MUSTAFA BÜYÜKKAPLAN İMAM HATİP ORTAOKULU (ERKEK) 24.08.2025 1 10052081 16.12.2025 08.12.2025 26.08.2025 Kitaplar
Gemini Bilgi Teknolojileri A.Ş. tarafından düzenlenmiştir.